000
00311nam a22001457a 4500
008
210602b ||||| |||| 00| 0 eng d
020
_a
094285038605
041
_a
eng
080
_a
316
082
_a
316
100
_a
50
101
_a
SOC
245
_a
A World that Works
_c
Trent Schroyer
942
_2
udc
_c
BK
999
_c
57884
_d
57884